American picture show: a cultural reader

Saved in:
Bibliographic Details
Main Authors: Mejia, Elizabeth A. (autora), Xiao, Maida Kennedy (Author), Pasternak, Lucyna (Author)
Format: Book
Language:English
Published: Englewood Cliffs Prentice Hall Regents 1992
Subjects:
Tags: Add Tag
No Tags, Be the first to tag this record!

MARC

LEADER 00000cam a2200000 a 4500
001 UCF5481
003 CL-VaPUC
008 130318e19920000US |||||||||||||||||eng|d
020 |a 0130296872 
082 0 4 |a 428.64  |b MEJ  |2 21 
100 |a Mejia, Elizabeth A.  |e autora  |9 567446 
700 0 |a Xiao, Maida Kennedy  |e author  |9 567447 
700 0 |a Pasternak, Lucyna  |e author  |9 567448 
245 1 0 |a American picture show: a cultural reader 
300 |a 220 p 
942 |c BK 
945 |d 20130318 00:00:00  |a cmena 
260 |a Englewood Cliffs  |b Prentice Hall Regents  |c 1992 
650 0 |a Educación lingüística  |9 306506 
650 0 |a Enseñanza de idiomas  |9 339820 
650 0 |a Lengua inglesa  |9 318842 
650 0 |a Libros de texto  |9 270019 
583 |a last modification  |c 20130318 11:20:00  |k Rodrigo Vera 
999 |c 351021  |d 351019 
952 |0 0  |1 0  |4 0  |6 428_640000000000000_MEJ_1992  |7 0  |8 A  |9 454886  |a BIBEDU  |b BIBEDU  |d 2019-11-22  |i 4841514  |o 428.64 MEJ 1992  |p 4841514  |r 2019-11-22  |w 2019-11-22  |y BK  |k LIT